000 00557nam a2200193Ia 4500
005 20250508162609.0
008 008 250505s9999 xx 000 0 hin d
020 _a0-12-238180-7
037 _aTextual
040 _aFEDL
_beng
_cFEDL
041 _ahin
_2eng
084 _a153.93, EMB
_qFEDL
100 _aEmbertson Susan E.
_9773550
245 0 _aTest design : Development in psychology and psychometrics
260 _aOrlando
_bAcademic Press
_c1985
300 _axii,301p.
942 _cTEXL
_h153.93, EMB
999 _c1377551
_d1377551